000 00651nam a2200181Ia 4500
008 090124s9999 xx 000 0 und d
082 _b13988
100 _aपांढरीपांडे विजय मनोहर
245 _a पाऊलखुणा
250 _a0
260 _b"सौ. रेखा येरकुंटवार , नागपूर"
_c1980
300 _a119
600 _aपांढरीपांडे विजय मनोहर
630 _a पाऊलखुणा
700 _aपांढरीपांडे विजय मनोहर
730 _a पाऊलखुणा
942 _cBOOK
999 _c87779
_d87779